000 00513nam a2200193Ia 4500
005 20250326141308.0
008 250326s9999 xx 000 0 und d
020 _a0-13-179235-0
037 _aTextbook
040 _aFMSL
_beng
_cFMSL
041 _aeng
_2eng
084 _aXM5:74 N4
_qFMSL
100 _aPost A M
_9744100
245 0 _aAnatomy of a merger
_cPost A M
260 _aNew
_bNew, Jersy Prentice-Hall
_c1994
300 _a270p
942 _cTB
_hXM5:74 N4
999 _c1289642
_d1289642